| 000 | 00432nam a2200169Ia 4500 | ||
|---|---|---|---|
| 008 | 230524s9999 xx 000 0 und d | ||
| 020 | _a978818992831 | ||
| 082 |
_a620.11 _bKHA |
||
| 100 | _aO.P. Khanna | ||
| 245 | 2 | _aA Text Book of Material Science and Metallurgy | |
| 250 | _a1 | ||
| 260 |
_aNew Delhi _bDhanpat Rai Pub _c2013 |
||
| 300 | _a"1,58-17p;" | ||
| 500 | _aQuantity Number: 2 | ||
| 650 | _aMechanics | ||
| 942 | _cBK | ||
| 999 |
_c53693 _d53693 |
||